000 00607nam a2200229Ia 4500
003 OSt
005 20220928110618.0
006 a|||||r|||| 00| 0
007 ta
008 220927b |||||||| |||| 00| 0 eng d
024 _a45439
037 _cTextual
040 _aSDCL
_cSDCL
_beng
041 _2eng
_aeng
082 _aV73wM901,1, L4
100 _aKennedy Rose Fitzgerald
_9420008
245 0 _aTimes to remember
260 _aNew York
_b Doubled
_c1974
300 _a501p
_ccm.
942 _hV73wM901,1, L4
_cTEXL
_2CC
999 _c736225
_d736225